000 00568nam a2200229Ia 4500
003 OSt
005 20220924145610.0
006 a|||||r|||| 00| 0
007 ta
008 220923b |||||||| |||| 00| 0 tel d
024 _a329508
037 _cTextual
040 _aARTS
_cARTS
_btel
041 _2tel
_atel
082 _aO142,3M18,3, 35J5
100 _aTarjiniv
_9220145
245 0 _aKadin
260 _c1955
650 _aRUSSIAN LITERATURE
_915056
942 _hO142,3M18,3, 35J5
_cTEXL
_2CC
999 _c460609
_d460609